| 000 | 00574nam a22001817a 4500 | ||
|---|---|---|---|
| 010 | _aENG-113223 | ||
| 020 |
_a9789382711353 _c399.00 |
||
| 035 | _aEN-96755 | ||
| 037 | _bDBAD/PUB | ||
| 082 | _a920 | ||
| 100 | _aKhandekar, Abhilash | ||
| 245 |
_aShivraj Singh and rise of Madhya Pradesh / _cby Abhilash Khandekar |
||
| 260 |
_aNew Delhi _bVitasta Publishing _c2014 |
||
| 270 |
_a2/15, Ansari Road, Daryaganj _bNew Delhi _e110002 |
||
| 300 |
_a193p. _c22cm(Hb) |
||
| 500 | _aIncludes bibliographical references and index | ||
| 942 |
_2ddc _cEN _mSHI _h920 |
||
| 999 |
_c93938 _d93938 |
||